Villes traversées par l'autoroute A10 - l'aquitaine - Statistiques

Statistiques générales
  • Ce quiz a été pris 99 fois
    83 depuis la dernière actualisation
  • Le résultat moyen est 9 sur 15
Statistiques - réponses
ville population kilomètre % Correct
Bordeaux 268 138 557
99%
Orléans 117 670 98
95%
Tours 138 486 207
93%
Poitiers 91 327 306
92%
Niort 59 487 370
83%
Saintes 25 671 440
77%
Blois 47 377 151
75%
Châtellerault 31 003 274
71%
Massy 52 350 3
45%
Joué-lès-Tours 38 526 211
37%
Amboise 12 938 189
35%
Antony (A6) 63 994 0
33%
Dourdan 11 586 23
24%
Lormont 23 926 555
17%
Rambouillet 27 547 23
17%
Aucun quiz correspondant
Distribution des résultats
% des personnes avec chaque résultat
Percentile par nombre de réponses
Votre historique - résultats
Vous n’avez pas pris ce quiz depuis la dernière actualisation